000 01186nam a22003497a 4500
003 CHAP
005 20220329140331.0
008 971013s r 00010 d
010 _a50566
011 _a51538
035 _a55688
040 _cCHAP
082 _a630.717
_bP53i
110 _aPlan Papaloapan. México
_988674
245 _aInforme técnico, 19 -
260 _aCampamento Gral. Miguel Alemán, Ver. :
_bComisión del Papaloapan,
_c19 -
300 _av.
500 _aLa biblioteca tiene: ciclo invierno 75-76
590 _aBATCH-UPD
_b10
_c20130110
_lUCH01
_h1033
590 _aBATCH-UPD
_b10
_c20130410
_lUCH01
_h0635
590 _aBATCH-UPD
_b10
_c20130913
_lUCH01
_h2146
590 _aBATCH-UPD
_b10
_c20130914
_lUCH01
_h2134
590 _aCONVERSION
_b10
_c20130109
_lUCH01
_h1327
650 1 4 _aAgricultura de temporal.
_91999
650 1 4 _aAgricultura
_xCuenca del Papaloapan.
_91391
650 1 4 _aAgricultura
_xInnovaciones tecnológicas.
_91565
650 1 4 _aAgricultura
_xTrópicos.
_91888
710 0 _aComisión del Papaloapan. México.
_925699
901 _aBK
942 _cLIBRO
949 _a630.717 P53i
_bBC
_cLIBRO
_d33724000035523
_eLIBRO
_h28148
_i55688
_mD
_si
999 _c50566
_d50566